logo

Bir Sreshtho Munshi Abdur Rouf Library
Jhenaidah Cadet College

Gift from the sea / (Record no. 4151)

MARC details
000 -LEADER
fixed length control field 00700pam a2200253 a 4500
001 - CONTROL NUMBER
JCCL Control Number 4151
003 - CONTROL NUMBER IDENTIFIER
JCCL marc code BD-JhCC
005 - DATE AND TIME OF LATEST TRANSACTION
control field 20221107134024.0
008 - FIXED-LENGTH DATA ELEMENTS--GENERAL INFORMATION
fixed length control field 050311s2005 nyu 000 0 eng
020 ## - INTERNATIONAL STANDARD BOOK NUMBER
International Standard Book Number 0679406832
035 ## - SYSTEM CONTROL NUMBER
system control number (BD-JhCC)4151
040 ## - CATALOGING SOURCE
Original cataloging agency DLC
Transcribing agency DLC
Modifying agency DLC
-- BD-JhCC
041 ## - LANGUAGE CODE
Language code of Book eng
050 00 - LIBRARY OF CONGRESS CALL NUMBER
Classification number BD435
Item number .L52 2005b
082 00 - DEWEY DECIMAL CLASSIFICATION NUMBER
Classification number 170.82
DDC Edition number 22
Author mark and Year LIN 2005
100 1# - MAIN ENTRY--PERSONAL NAME
Personal name Lindbergh, Anne Morrow,
Dates associated with a name 1906-2001.
245 10 - TITLE STATEMENT
Title Gift from the sea /
Statement of responsibility, etc Anne Morrow Lindbergh ; introduction by Reeve Lindbergh.
250 ## - EDITION STATEMENT
Edition statement [50th anniversary ed.]
260 ## - PUBLICATION, DISTRIBUTION, ETC. (IMPRINT)
Place of publication, distribution, etc New York :
Name of publisher, distributor, etc Pantheon Books,
Date of publication, distribution, etc c2005.
300 ## - PHYSICAL DESCRIPTION
Pagination 130 p. ;
Dimensions 18 cm.
650 #0 - SUBJECT ADDED ENTRY--TOPICAL TERM
Topical term or geographic name as entry element Life.
942 ## - ADDED ENTRY ELEMENTS (KOHA)
Source of classification or shelving scheme Dewey Decimal Classification
Koha item type Books
Koha issues (borrowed), all copies 1
Holdings
Source of classification or shelving scheme Damaged status Not for loan Home library Current library Shelving location Date of accession Total Checkouts Full call number Barcode Date last seen Date checked out Copy number Koha item type
Dewey Decimal Classification     JCC Rouf Library JCC Rouf Library General Stacks 11/23/2017 1 170.82 LIN 2005 5729 11/09/2022 11/07/2022 C- 1 Books

JCC Library | Contacts | JCC Home

Last Update on 23 September 2017
Copyright @ 2017-2020 JCC Rouf Library
Rouf Library, Jhenidah Cadet College (JCC), Bangladesh